Racing circuit to country II - Statistics

General Stats
  • This quiz has been taken 112 times
  • The average score is 15 of 20
Answer Stats
Name Country % Correct
Algarve / Portimão Portugal
94%
Silverstone United Kingdom
92%
Mugello Italy
90%
Istanbul Park Turkey
89%
Baku City Azerbaijan
87%
Sochi Russia
84%
Hermanos Rodríguez Mexico
83%
Jeddah Corniche Saudi Arabia
82%
Motorland Aragón / Alcañiz Spain
79%
Watkins Glen United States
79%
Zolder Belgium
70%
Norisring Germany
68%
Buddh India
68%
Assen Netherlands
68%
Zhuhai China
66%
Losail Qatar
64%
Tor Poznań Poland
51%
Yeongam South Korea
49%
Anderstorp Sweden
48%
Mosport Park Canada
47%
No matching quizzes found
Score Distribution
Percent of People with Each Score
Percentile by Number Answered
Your Score History
You have not taken this quiz